| 000 | 00615nam a2200181 a 4500 | ||
|---|---|---|---|
| 008 | 120416s1983 ||||||||||||||||| || u | ||
| 020 | _a0070188602 | ||
| 050 | _aBF 1045.M55 Ebo | ||
| 100 | _aEbon, Martin | ||
| 245 | 1 | 0 | _aPsychic warfare |
| 246 | _athreat or illusion? | ||
| 260 |
_aNew York _bMcGraw-Hill _c1983 |
||
| 300 | _av, 282p. | ||
| 350 | _a0.00 | ||
| 500 | _aBibliography. | ||
| 650 | _aParapsychology - Military aspects | ||
| 995 |
_D0.00 _FCBU-MAIN LIBRARY (Kitwe) _H1 _I15.95 _M1 _UAVAILABLE _WMay 16, 2006 _ZMain Library Open Access Collection |
||
| 999 |
_c55212 _d55212 |
||